| 000 | 00924nam a2200229 a 4500 | ||
|---|---|---|---|
| 001 | 000822203 | ||
| 003 | AM-YEHGA | ||
| 005 | 20250617164640.0 | ||
| 008 | 110709s1962 ru ||||gr|||||||||0|rus|d | ||
| 040 | _aAM-YeHGA | ||
| 041 | 0 |
_arus _ager |
|
| 245 | 0 | 0 |
_aDeutsch.Немецкий язык : _bLehrbuch und Ubungsbuch ; (Практический учебник немецкого языка) / _cВ.В. Шлыкова, Н.А. Соловьян и др. ; Под ред. М. Я. Цвиллинга. |
| 260 |
_aМосква : _bИздательство института международных отношений, _c1962. |
||
| 300 |
_a222 с. ; _c22 см. |
||
| 500 | _aАлф. указ. : с. 211-221 | ||
| 650 | 1 | 4 | _aНемецкий язык |
| 700 | 1 | _aШлыкова, В.В. | |
| 700 | 1 | _aСоловьян, Н.А. | |
| 700 | 1 |
_aЦвиллинг, М.Я _eред. _4edt |
|
| 942 |
_2udc _cBK |
||
| 090 | _c565154 | ||
| 999 |
_c527177 _d527177 |
||